000 00506nam a22001937a 4500
003 OSt
005 20180116183032.0
008 151222b xxu||||| |||| 00| 0 eng d
020 _a05-265-89-1
024 _205-265-89-1
040 _cLahore LUMS
082 _a 174.4 LUM 1989
100 _aQureshi Z I
245 _aMEDIPAK LIMITED
_cQureshi Z I
260 _aLahore LUMS
_b Lahore University of Management Sciences
_c1989
300 _a9 p.
_bPapers
440 _aMEDIPAK LIMITED
942 _2ddc
_cCS
999 _c351057
_d351057